000 00440nam a2200169Ia 4500
008 090123s9999 xx 000 0 und d
082 _b1763
100 _aइब्ने शफी
245 _aहयात जादू
250 _a0
300 _a106
600 _aइब्ने शफी
630 _aहयात जादू
700 _aइब्ने शफी
730 _aहयात जादू
942 _cBOOK
999 _c39845
_d39845